[Event "XV Weekend Val Bisagno"]
[Site "Genova ITA"]
[Date "2014.10.19"]
[Round "5"]
[White "Altieri, Danilo Mario"]
[Black "Biancotti, Alessandro"]
[WhiteElo "2005"]
[BlackElo "1857"]
[Result "0-1"]
[PlyCount "78"]
[EventDate "2014.10.17"]

1. f4 d5 2. Nf3 Nf6 3. e3 Nc6 4. b3 d4 5. exd4 Nxd4 6. Bb2 Nxf3+ 7. Qxf3 Qd5 8.
Be2 Bf5 9. Nc3 Qxf3 10. Bxf3 c6 11. d3 e6 12. h3 Bd6 13. g3 O-O-O 14. Ne4 Be7
15. Nxf6 Bxf6 16. Bxf6 gxf6 17. Kf2 e5 18. g4 Be6 19. f5 Bd5 20. Rhe1 Bxf3 21.
Kxf3 h5 22. Rh1 Rd4 23. Rag1 Rf4+ 24. Kg3 Rg8 25. Kh4 hxg4 26. hxg4 Rf3 27. g5
fxg5+ 28. Kg4 Rf4+ 29. Kh5 Rxf5 30. Rf1 Rf4 31. Rxf4 gxf4 32. Re1 f6 33. d4
exd4 34. Re4 Rg2 35. Rxf4 Rxc2 36. Rxd4 Rxa2 37. Kg6 Rb2 38. Ra4 a6 39. Rd4 Kc7
{...} 0-1

[Event "XV Weekend Val Bisagno"]
[Site "Genova ITA"]
[Date "2014.10.19"]
[Round "5"]
[White "Gardini, Enrico"]
[Black "Nastrelli, Roberto"]
[WhiteElo "1850"]
[BlackElo "1876"]
[Result "0-1"]
[PlyCount "79"]
[EventDate "2014.10.17"]

1. c4 c6 2. Nc3 d5 3. cxd5 cxd5 4. d4 Nc6 5. Nf3 g6 6. g3 Bg7 7. Bg2 Nf6 8. O-O
O-O 9. Bf4 Qb6 10. Na4 Qa5 11. Rc1 Ne4 12. a3 Bd7 13. Nc5 Nxc5 14. Rxc5 Qb6 15.
b4 a5 16. Ne5 Nxe5 17. Bxe5 Bxe5 18. dxe5 axb4 19. axb4 Qxb4 20. Rxd5 Bc6 21.
Rd4 Qc5 22. Bxc6 bxc6 23. Qd3 Qxe5 24. Rc1 Qb5 25. Qe4 Ra2 26. Rdc4 e6 27. e3
Qd5 28. Qf4 Rc8 29. Qh6 f5 30. Qg5 Rd2 31. Qe7 Rd1+ 32. Rxd1 Qxd1+ 33. Kg2 Qd5+
34. e4 Qxc4 35. exf5 exf5 36. Qb7 Re8 37. h4 Qe4+ 38. Kg1 c5 39. Qd7 c4 40. h5
{...} 0-1

[Event "XV Weekend Val Bisagno"]
[Site "Genova ITA"]
[Date "2014.10.19"]
[Round "5"]
[White "Gioseffi, Massimiliano"]
[Black "Cantoro, Daniele"]
[WhiteElo "2127"]
[BlackElo "2089"]
[Result "1/2-1/2"]
[PlyCount "118"]
[EventDate "2014.10.17"]

1. d4 d5 2. c4 Nc6 3. Nc3 Nf6 4. cxd5 Nxd5 5. e4 Nxc3 6. bxc3 e5 7. d5 Nb8 8.
Bd3 Nd7 9. Ne2 Bd6 10. O-O O-O 11. Ng3 Nc5 12. f4 exf4 13. Bxf4 Bxf4 14. Rxf4
Qg5 15. Rf2 g6 16. Bc2 Nd7 17. Qd4 Ne5 18. Nf5 Bxf5 19. Qxe5 Qe3 20. Qd4 Qxd4
21. cxd4 Bd7 22. Rb1 Rab8 23. Bd3 c6 24. dxc6 bxc6 25. Rfb2 Rxb2 26. Rxb2 Be6
27. Kf2 Rd8 28. Ke3 Kf8 29. a4 Ke7 30. a5 f6 31. Rb7+ Rd7 32. a6 Kd6 33. Rb8
Rc7 34. Rf8 Rf7 35. Rh8 Rg7 36. Ra8 Re7 37. Kd2 Rd7 38. Kc3 Rc7 39. Bc4 Bc8 40.
Kb4 g5 41. Bd3 h5 42. Be2 h4 43. h3 Be6 44. Bc4 Bc8 45. Be2 Be6 46. Bg4 Bf7 47.
Rd8+ Ke7 48. Rh8 Bg6 49. Bf5 Bxf5 50. exf5 Kd6 51. Kc4 Rd7 52. Re8 Kc7 53. Re6
Rd6 54. Re7+ Rd7 55. Rxd7+ Kxd7 56. Kb4 Kd6 57. Kc4 Kd7 58. Kc5 Kc7 59. d5 cxd5
{...} 1/2-1/2

[Event "XV Weekend Val Bisagno"]
[Site "Genova ITA"]
[Date "2014.10.19"]
[Round "5"]
[White "Manfredi, Vincenzo"]
[Black "Cirabisi, Federico"]
[WhiteElo "2224"]
[BlackElo "2045"]
[Result "1-0"]
[PlyCount "67"]
[EventDate "2014.10.17"]

1. g3 e5 2. Bg2 Nc6 3. c4 f5 4. Nc3 Nf6 5. d3 Bc5 6. e3 O-O 7. Nge2 Qe8 8. O-O
d6 9. d4 Bb6 10. Rb1 Nd8 11. b4 c6 12. c5 Bc7 13. cxd6 Bxd6 14. dxe5 Bxe5 15.
b5 Bd7 16. Ba3 Rf7 17. Nd4 c5 18. Bxc5 Ne6 19. Bb4 Bxd4 20. exd4 Qc8 21. d5 Ng5
22. Qd4 Nge4 23. Nxe4 fxe4 24. Rbc1 Qe8 25. a4 Bf5 26. d6 Rd8 27. f3 exf3 28.
Rxf3 Bg6 29. Re3 Qd7 30. Rc7 Qf5 31. Qf4 Qb1+ 32. Re1 Qb2 33. Rxf7 Bxf7 34. h3
{...} 1-0

[Event "XV Weekend Val Bisagno"]
[Site "Genova ITA"]
[Date "2014.10.19"]
[Round "5"]
[White "Saffioti, Massimo"]
[Black "Mortola, Alberto"]
[WhiteElo "1891"]
[BlackElo "1968"]
[Result "0-1"]
[PlyCount "53"]
[EventDate "2014.10.17"]

1. d4 b5 2. Nf3 Bb7 3. e3 a6 4. c4 bxc4 5. Bxc4 e6 6. O-O Nf6 7. Nc3 Be7 8. Re1
O-O 9. Qc2 Bxf3 10. gxf3 d5 11. Bd3 c5 12. dxc5 Nc6 13. a3 Ne5 14. Be2 Bxc5 15.
b4 Bd6 16. f4 Ng6 17. Qd3 e5 18. Nxd5 Nxd5 19. Qxd5 exf4 20. exf4 Qf6 21. f5
Ne7 22. Qd2 Qxa1 23. Bb2 Bf4 24. Qc3 Be5 25. Qxe5 Qxe1+ 26. Kg2 Nxf5 27. Qxf5 {
...} 0-1

[Event "VIII Memorial Gianfranco Molinari A"]
[Site "Milano ITA"]
[Date "2014.10.29"]
[Round "1"]
[White "Cerioni, Armando"]
[Black "Bonazzi, Edoardo"]
[WhiteElo "1975"]
[BlackElo "2102"]
[Result "1/2-1/2"]
[PlyCount "85"]
[EventDate "2014.10.29"]

1. Nf3 Nf6 2. c4 c5 3. Nc3 Nc6 4. g3 g6 5. d4 cxd4 6. Nxd4 Bg7 7. Bg2 O-O 8.
O-O Nxd4 9. Qxd4 d6 10. Qd3 a6 11. Bd2 Rb8 12. Rac1 Bd7 13. Rfd1 Bc6 14. b3
Bxg2 15. Kxg2 Qd7 16. Nd5 Nxd5 17. cxd5 Rfc8 18. Be3 Bb2 19. Rc2 Ba3 20. Rdd2
Bc1 21. Rxc8+ Rxc8 22. Rc2 Rxc2 23. Qxc2 Bxe3 24. fxe3 Qb5 25. Qc4 Qd7 26. h3
Kg7 27. Qd4+ f6 28. Qc4 Qf5 29. Qd3 Qe5 30. Qd4 Kf7 31. Qxe5 dxe5 32. Kf3 e6
33. e4 Ke7 34. dxe6 Kxe6 35. g4 Kd6 36. Ke3 Kc5 37. a3 a5 38. Kd3 b6 39. Kc3
Kb5 40. Kd3 Kc5 41. Kc3 Kb5 42. Kd3 Kc5 43. Kc3 1/2-1/2

[Event "VIII Memorial Gianfranco Molinari A"]
[Site "Milano ITA"]
[Date "2014.10.29"]
[Round "1"]
[White "Cordi', Domenico"]
[Black "Mazzoccoli, Simone"]
[WhiteElo "2002"]
[BlackElo "1787"]
[Result "1-0"]
[PlyCount "137"]
[EventDate "2014.10.29"]

1. d4 Nf6 2. Nf3 g6 3. c4 Bg7 4. Nc3 d6 5. g3 O-O 6. Bg2 Nbd7 7. O-O e5 8. b3
Re8 9. dxe5 Nxe5 10. Nxe5 dxe5 11. Bb2 c6 12. Qc1 Qe7 13. e4 Be6 14. a4 a5 15.
Ba3 Qc7 16. Nd1 Rad8 17. Ne3 Ng4 18. Qc3 Nxe3 19. Qxe3 Bf8 20. Bxf8 Rxf8 21. f4
exf4 22. gxf4 f5 23. e5 Qd7 24. Rad1 Qxd1 25. Rxd1 Rxd1+ 26. Bf1 Rfd8 27. Kf2
R1d4 28. Kg3 g5 29. Qf3 Rxf4 30. Qh5 Rg4+ 31. Kf3 Bf7 32. Qh6 Bg6 33. e6 Rf4+
34. Ke2 Re4+ 35. Kf3 g4+ 36. Kg3 Rxe6 37. c5 Re4 38. Bc4+ Rxc4 39. bxc4 Rd3+
40. Kf4 Kf7 41. Ke5 Rd7 42. Qg5 Re7+ 43. Kd6 Re6+ 44. Kc7 Rf6 45. Qf4 Re6 46.
Kxb7 Re4 47. Qd6 Re6 48. Qd2 h5 49. Qf2 Rf6 50. Qf4 Re6 51. Kb6 Re4 52. Qc7+
Re7 53. Qb8 Re8 54. Qa7+ Re7 55. Qxa5 f4 56. Qd2 f3 57. Qf4+ Kg7 58. a5 Rf7 59.
Qd4+ Kh7 60. Qf2 Re7 61. a6 Re2 62. Qf1 Bd3 63. Qd1 Bxc4 64. a7 f2 65. Qb1+ Kg7
66. a8=Q f1=Q 67. Qxf1 Rb2+ 68. Kc7 Bxf1 69. Qa1 1-0

[Event "VIII Memorial Gianfranco Molinari A"]
[Site "Milano ITA"]
[Date "2014.10.29"]
[Round "1"]
[White "Maccari, Piergiuseppe"]
[Black "Romagnoli, Thomas"]
[WhiteElo "1719"]
[BlackElo "1846"]
[Result "1/2-1/2"]
[PlyCount "133"]
[EventDate "2014.10.29"]

1. Nf3 Nf6 2. g3 c5 3. Bg2 Nc6 4. d4 d5 5. O-O Bf5 6. c4 e6 7. Nc3 Be7 8. cxd5
Nxd5 9. Nxd5 Qxd5 10. Ne5 Be4 11. Nxc6 Bxg2 12. Nxe7 Kxe7 13. dxc5 Bxf1 14.
Qxd5 exd5 15. Kxf1 Rhc8 16. Be3 Rab8 17. Rb1 b6 18. cxb6 axb6 19. Bd4 f6 20.
Ke1 Rc4 21. e3 b5 22. a3 Rc2 23. Rd1 Ke6 24. Bc3 Rc8 25. h4 h5 26. Kf1 g5 27.
hxg5 fxg5 28. Kg2 Rf8 29. Rd2 Rxd2 30. Bxd2 Kf5 31. f3 g4 32. Bc3 Kg5 33. f4+
Kf5 34. Kf2 Ke4 35. Ke2 Rf7 36. Bd4 Rc7 37. Bc3 Rh7 38. Be1 Rg7 39. Bc3 Rg6 40.
Kf2 Rh6 41. Bg7 Rg6 42. Bd4 Kf5 43. Kg2 Rh6 44. Bg7 Rh7 45. Bc3 h4 46. gxh4
Rxh4 47. Be1 Rh3 48. Bf2 Rf3 49. b3 Ke6 50. a4 bxa4 51. bxa4 Kd6 52. a5 Kc6 53.
a6 Kb6 54. e4+ Kxa6 55. exd5 Rxf4 56. Bg3 Rf3 57. Bc7 Kb7 58. d6 Kc6 59. Kg1
Kd7 60. Kg2 Rd3 61. Kf2 Kc6 62. Kg2 Kc5 63. Kf2 Kc4 64. Kg2 Kc3 65. Kf2 Kd2 66.
Ba5+ Kd1 67. Bc7 1/2-1/2

[Event "VIII Memorial Gianfranco Molinari A"]
[Site "Milano ITA"]
[Date "2014.10.29"]
[Round "1"]
[White "Pelizzola, Danilo"]
[Black "Podetti, Davide"]
[WhiteElo "2081"]
[BlackElo "1911"]
[Result "0-1"]
[PlyCount "108"]
[EventDate "2014.10.29"]

1. e4 e5 2. Nf3 Nc6 3. Bb5 a6 4. Ba4 Nf6 5. O-O b5 6. Bb3 Be7 7. Re1 d6 8. c3
O-O 9. h3 Na5 10. Bc2 c5 11. d4 Qc7 12. d5 c4 13. b3 cxb3 14. axb3 Bd7 15. Ba3
Bd8 16. Bd3 Nb7 17. b4 Be7 18. Bb2 Rfc8 19. Na3 Qb6 20. Qe2 Nh5 21. Qe3 Qxe3
22. fxe3 g6 23. g4 Ng7 24. Kh2 f5 25. gxf5 Rf8 26. f6 Rxf6 27. Rf1 Raf8 28. Be2
g5 29. Ng1 Nh5 30. Kg2 Rxf1 31. Rxf1 Nf6 32. Bd3 Kg7 33. Ne2 Bd8 34. Ng3 Bb6
35. Re1 h5 36. Nc2 h4 37. Nh1 g4 38. hxg4 Nxg4 39. Bc1 Kh6 40. Be2 h3+ 41. Kg3
Nf6 42. Bf3 Bd8 43. Nf2 Nh5+ 44. Bxh5 Kxh5 45. Nxh3 Bh4+ 46. Kg2 Bxh3+ 47. Kxh3
Bxe1 48. Nxe1 Rf1 49. Bd2 Rf2 50. Bc1 Ra2 51. Kg3 a5 52. bxa5 Nxa5 53. Kf3 Nc4
54. Nd3 Rc2 0-1

[Event "VIII Memorial Gianfranco Molinari A"]
[Site "Milano ITA"]
[Date "2014.10.30"]
[Round "2"]
[White "Bonazzi, Edoardo"]
[Black "Maccari, Piergiuseppe"]
[WhiteElo "2102"]
[BlackElo "1719"]
[Result "1-0"]
[PlyCount "43"]
[EventDate "2014.10.29"]

1. c4 e5 2. g3 Nf6 3. Bg2 g6 4. Nc3 Bg7 5. Nf3 Nc6 6. O-O O-O 7. d3 d5 8. cxd5
Nxd5 9. Nxd5 Qxd5 10. Be3 Qb5 11. Nd2 Qxb2 12. Qa4 b5 13. Qb3 Qxb3 14. Nxb3 Bd7
15. Rac1 Nd4 16. Bxd4 exd4 17. Bxa8 Rxa8 18. Rxc7 Be6 19. Rfc1 a5 20. R1c2 a4
21. Nc5 Bd5 22. Nd7 1-0

[Event "VIII Memorial Gianfranco Molinari A"]
[Site "Milano ITA"]
[Date "2014.10.30"]
[Round "2"]
[White "Cazzaniga, Walter"]
[Black "Cordi', Domenico"]
[WhiteElo "2126"]
[BlackElo "2002"]
[Result "0-1"]
[PlyCount "81"]
[EventDate "2014.10.29"]

1. d4 Nf6 2. c4 g6 3. Nc3 Bg7 4. e4 d6 5. Nf3 O-O 6. Be2 e5 7. O-O Nc6 8. d5
Ne7 9. b4 Nh5 10. Re1 Nf4 11. Bf1 f5 12. Bxf4 exf4 13. e5 h6 14. Rc1 g5 15. e6
a5 16. a3 axb4 17. axb4 c6 18. c5 Bxc3 19. Rxc3 cxd5 20. Nd4 Rf6 21. Qc2 dxc5
22. bxc5 Qa5 23. h4 Qb4 24. Nb5 d4 25. Rb1 Qxb1 26. Qxb1 dxc3 27. Nxc3 Kf8 28.
Bc4 Bxe6 29. Bxe6 Rxe6 30. Qxb7 Ra1+ 31. Kh2 Ree1 32. g3 Rac1 33. Na4 fxg3+ 34.
Kxg3 gxh4+ 35. Kh2 h3 36. Qb8+ Kf7 37. Qb3+ Kf6 38. Qb6+ Kg5 39. Qd6 Rcd1 40.
Qg3+ Kf6 41. Nb2 0-1

[Event "VIII Memorial Gianfranco Molinari A"]
[Site "Milano ITA"]
[Date "2014.10.30"]
[Round "2"]
[White "Podetti, Davide"]
[Black "Cerioni, Armando"]
[WhiteElo "1911"]
[BlackElo "1975"]
[Result "1-0"]
[PlyCount "87"]
[EventDate "2014.10.29"]

1. e4 e6 2. d4 d5 3. Nc3 Nc6 4. Nf3 Nf6 5. Bd3 Nb4 6. O-O Nxd3 7. cxd3 Be7 8.
Bg5 c6 9. e5 Ng8 10. Qd2 h5 11. Bxe7 Nxe7 12. b4 Nf5 13. a4 Bd7 14. Rfb1 Rg8
15. Ne2 g5 16. Ne1 h4 17. Nc2 g4 18. g3 hxg3 19. fxg3 Qg5 20. Qxg5 Rxg5 21. b5
cxb5 22. axb5 Ke7 23. Nf4 Ng7 24. Ne3 f5 25. Rc1 Kd8 26. b6 a6 27. Rc7 Rb8 28.
Rac1 Rc8 29. R1c5 Rxc7 30. Rxc7 Bc8 31. Kf2 Ne8 32. Rh7 Rg7 33. Rh8 Bd7 34. Ke2
Ke7 35. Kd2 Kf7 36. Rh6 Ke7 37. Kc3 a5 38. Rh8 Kf7 39. Nh5 Rg8 40. Rh7+ Ng7 41.
Nf6 Rd8 42. Ng2 Kf8 43. Nf4 Bc8 44. Rh8+ 1-0

[Event "VIII Memorial Gianfranco Molinari A"]
[Site "Milano ITA"]
[Date "2014.10.30"]
[Round "2"]
[White "Romagnoli, Thomas"]
[Black "Pelizzola, Danilo"]
[WhiteElo "1846"]
[BlackElo "2081"]
[Result "0-1"]
[PlyCount "68"]
[EventDate "2014.10.29"]

1. e4 e5 2. Nf3 Nc6 3. Bc4 Bc5 4. O-O Nf6 5. d4 Bxd4 6. Nxd4 Nxd4 7. f4 d6 8.
fxe5 dxe5 9. Bg5 Be6 10. Na3 h6 11. Bxf6 gxf6 12. c3 Bxc4 13. Nxc4 Ne6 14. Qf3
Nf4 15. g3 Qd3 16. Nxe5 fxe5 17. gxf4 Rg8+ 18. Kh1 Qxf3+ 19. Rxf3 exf4 20. Rxf4
Ke7 21. Raf1 Rg7 22. h3 Rag8 23. Rf6 Rh7 24. R1f2 Rg6 25. Rxg6 fxg6 26. Kg2 Rf7
27. Rxf7+ Kxf7 28. Kf3 Kf6 29. Kf4 g5+ 30. Kg4 Kg6 31. Kg3 h5 32. Kf3 Kf6 33.
b4 Ke5 34. a4 g4+ 0-1

[Event "VIII Memorial Gianfranco Molinari A"]
[Site "Milano ITA"]
[Date "2014.10.31"]
[Round "3"]
[White "Cordi', Domenico"]
[Black "Podetti, Davide"]
[WhiteElo "2002"]
[BlackElo "1911"]
[Result "1/2-1/2"]
[PlyCount "114"]
[EventDate "2014.10.29"]

1. d4 Nf6 2. Nf3 e6 3. c4 b6 4. g3 Ba6 5. Nbd2 Bb7 6. Bg2 d5 7. cxd5 exd5 8.
O-O Be7 9. b3 O-O 10. Bb2 Nbd7 11. Rc1 c5 12. Qc2 Rc8 13. Qb1 cxd4 14. Nxd4 Nc5
15. Nf5 Qd7 16. Nf3 g6 17. Nxe7+ Qxe7 18. Bh3 Rcd8 19. Nd4 Nfe4 20. Qc2 Ng5 21.
Bg2 Nge6 22. Qd2 f6 23. Rc2 Nxd4 24. Qxd4 Ne6 25. Qa4 d4 26. Qxa7 Rd7 27. Qxb6
Bxg2 28. Kxg2 Nf4+ 29. gxf4 Qe4+ 30. Kg1 Qxc2 31. Bxd4 Qxe2 32. f3 Rfd8 33.
Bxf6 Rd1 34. Qxd8+ Rxd8 35. Bxd8 Qxa2 36. b4 Qd5 37. Be7 Qd4+ 38. Kg2 Kf7 39.
Bc5 Qxf4 40. Rf2 h5 41. Re2 h4 42. Re3 Kg7 43. Rd3 h3+ 44. Kg1 Qc1+ 45. Kf2
Qc2+ 46. Ke3 Qxh2 47. Rd7+ Kf6 48. Rd6+ Kf7 49. Rd7+ Ke8 50. Re7+ Kd8 51. Rh7
Qg2 52. Bd6 Qg5+ 53. Kd4 Qd2+ 54. Kc5 Qc3+ 55. Kb6 Qd4+ 56. Kc6 Qc3+ 57. Kb6
Qd4+ 1/2-1/2

[Event "VIII Memorial Gianfranco Molinari A"]
[Site "Milano ITA"]
[Date "2014.10.31"]
[Round "3"]
[White "Mazzoccoli, Simone"]
[Black "Cazzaniga, Walter"]
[WhiteElo "1787"]
[BlackElo "2126"]
[Result "0-1"]
[PlyCount "62"]
[EventDate "2014.10.29"]

1. e4 e6 2. d4 d5 3. e5 c5 4. c3 Nc6 5. Nf3 Qb6 6. Be2 cxd4 7. cxd4 Nge7 8. Nc3
Nf5 9. Na4 Qa5+ 10. Bd2 Bb4 11. Bc3 b5 12. a3 Bxc3+ 13. Nxc3 b4 14. axb4 Qxb4
15. Qa4 Bd7 16. Qxb4 Nxb4 17. Kd2 O-O 18. Rhb1 Rfb8 19. g4 Ne7 20. Bd3 a5 21.
Na4 Bxa4 22. Rxa4 Nxd3 23. Kxd3 Rb3+ 24. Ke2 Ng6 25. Ra3 Rab8 26. Rxa5 Nf4+ 27.
Kd2 Rxf3 28. b4 Rd3+ 29. Ke1 Rxd4 30. b5 Nd3+ 31. Ke2 Nxe5 0-1

[Event "VIII Memorial Gianfranco Molinari A"]
[Site "Milano ITA"]
[Date "2014.10.31"]
[Round "3"]
[White "Pelizzola, Danilo"]
[Black "Bonazzi, Edoardo"]
[WhiteElo "2081"]
[BlackElo "2102"]
[Result "1/2-1/2"]
[PlyCount "41"]
[EventDate "2014.10.29"]

1. e4 c5 2. Nf3 e6 3. d4 cxd4 4. Nxd4 Nc6 5. Nb5 d6 6. c4 Nf6 7. N1c3 a6 8. Na3
Be7 9. Be2 O-O 10. O-O Qc7 11. Be3 b6 12. Rc1 Nb8 13. Qb3 Nbd7 14. Rfd1 Nc5 15.
Qc2 Bb7 16. f3 Rac8 17. Bf1 Qb8 18. Qf2 Ba8 19. Nc2 Rfe8 20. Nd4 Ncd7 21. Nb3
1/2-1/2

[Event "VIII Memorial Gianfranco Molinari A"]
[Site "Milano ITA"]
[Date "2014.11.01"]
[Round "4"]
[White "Bonazzi, Edoardo"]
[Black "Cordi', Domenico"]
[WhiteElo "2102"]
[BlackElo "2002"]
[Result "1-0"]
[PlyCount "71"]
[EventDate "2014.10.29"]

1. c4 Nf6 2. g3 e6 3. Nf3 d5 4. b3 Be7 5. Bg2 O-O 6. O-O d4 7. e3 c5 8. exd4
cxd4 9. d3 Nc6 10. Re1 Nd7 11. Ba3 e5 12. Qc1 f6 13. Bxe7 Qxe7 14. a3 Nc5 15.
Qc2 Bf5 16. Bf1 a5 17. Nbd2 Ra7 18. Rab1 Rfa8 19. Nh4 Be6 20. f4 exf4 21. gxf4
Qd6 22. Ne4 Nxe4 23. Rxe4 f5 24. c5 Qd7 25. Re2 Qf7 26. Bg2 Ra6 27. Nf3 Bd5 28.
Ng5 Qd7 29. Bxd5+ Qxd5 30. Rbe1 Rf8 31. Re6 h6 32. Rd6 Nb4 33. axb4 Rxd6 34.
Re5 Qc6 35. Qc4+ Kh8 36. cxd6 1-0

[Event "VIII Memorial Gianfranco Molinari A"]
[Site "Milano ITA"]
[Date "2014.11.01"]
[Round "4"]
[White "Cerioni, Armando"]
[Black "Maccari, Piergiuseppe"]
[WhiteElo "1975"]
[BlackElo "1719"]
[Result "1/2-1/2"]
[PlyCount "45"]
[EventDate "2014.10.29"]

1. e4 c5 2. Nc3 Nc6 3. g3 Nf6 4. Bg2 g6 5. d3 Bg7 6. Be3 d6 7. h3 O-O 8. Qd2
Bd7 9. Bh6 Bxh6 10. Qxh6 Nd4 11. O-O-O Qa5 12. Nf3 Be6 13. Ng5 Bxa2 14. h4 b5
15. h5 b4 16. Nxa2 Qxa2 17. hxg6 Qa1+ 18. Kd2 Qxb2 19. Ke1 Qxc2 20. Rd2 Qc1+
21. Rd1 Nc2+ 22. Ke2 Nd4+ 23. Ke1 1/2-1/2

[Event "VIII Memorial Gianfranco Molinari A"]
[Site "Milano ITA"]
[Date "2014.11.01"]
[Round "4"]
[White "Podetti, Davide"]
[Black "Cazzaniga, Walter"]
[WhiteElo "1911"]
[BlackElo "2126"]
[Result "1/2-1/2"]
[PlyCount "34"]
[EventDate "2014.10.29"]

1. e4 e6 2. d4 d5 3. Nc3 Bb4 4. e5 c5 5. Bd2 cxd4 6. Nb5 Bc5 7. b4 a6 8. bxc5
axb5 9. Qg4 Ne7 10. Qxg7 Rg8 11. Qxh7 Qc7 12. Nf3 Nbc6 13. Bf4 Bd7 14. Be2 Qa5+
15. Bd2 Qc7 16. Bf4 Qa5+ 17. Bd2 Qc7 1/2-1/2

[Event "VIII Memorial Gianfranco Molinari A"]
[Site "Milano ITA"]
[Date "2014.11.01"]
[Round "5"]
[White "Cazzaniga, Walter"]
[Black "Cerioni, Armando"]
[WhiteElo "2126"]
[BlackElo "1975"]
[Result "1-0"]
[PlyCount "69"]
[EventDate "2014.10.29"]

1. d4 Nf6 2. c4 g6 3. Nc3 Bg7 4. e4 d6 5. Nf3 O-O 6. Be2 Nbd7 7. O-O e5 8. Be3
Re8 9. d5 Nh5 10. Re1 Bf8 11. b4 Ng7 12. Nd2 f5 13. f3 f4 14. Bf2 g5 15. Rc1 h5
16. Qb3 Nf6 17. c5 g4 18. Nb5 gxf3 19. gxf3 Nh7 20. Kh1 Ng5 21. Bf1 Nh3 22.
Bxh3 Bxh3 23. Rg1 a6 24. Na3 Kh7 25. b5 dxc5 26. Bxc5 Bxc5 27. Rxc5 b6 28. Rc6
a5 29. Qc3 Re7 30. Nac4 Qe8 31. Nxe5 Rxe5 32. Rxc7 Rc8 33. Rgxg7+ Kh8 34. Rxc8
Bxc8 35. Rg5 1-0

[Event "VIII Memorial Gianfranco Molinari A"]
[Site "Milano ITA"]
[Date "2014.11.01"]
[Round "5"]
[White "Cordi', Domenico"]
[Black "Pelizzola, Danilo"]
[WhiteElo "2002"]
[BlackElo "2081"]
[Result "1-0"]
[PlyCount "47"]
[EventDate "2014.10.29"]

1. d4 Nf6 2. Nf3 e6 3. c4 b6 4. g3 Bb7 5. Bg2 Be7 6. O-O O-O 7. Nc3 Ne4 8. Qd3
Nxc3 9. Qxc3 d6 10. Qd3 f5 11. d5 e5 12. e4 fxe4 13. Qxe4 Nd7 14. Qe2 c6 15.
Nd4 exd4 16. dxc6 Ne5 17. cxb7 Rb8 18. f4 Ng6 19. b3 Bf6 20. Qe6+ Kh8 21. Ba3
d3 22. Rad1 Bd4+ 23. Kh1 Bc5 24. b4 1-0

[Event "VIII Memorial Gianfranco Molinari A"]
[Site "Milano ITA"]
[Date "2014.11.01"]
[Round "5"]
[White "Maccari, Piergiuseppe"]
[Black "Mazzoccoli, Simone"]
[WhiteElo "1719"]
[BlackElo "1787"]
[Result "0-1"]
[PlyCount "90"]
[EventDate "2014.10.29"]

1. Nf3 Nf6 2. d4 g6 3. c4 Bg7 4. Nc3 d6 5. g3 O-O 6. Bg2 Nbd7 7. O-O e5 8. dxe5
Nxe5 9. Nxe5 dxe5 10. Qb3 c6 11. Rd1 Qc7 12. Bg5 Bf5 13. e4 Be6 14. Rac1 Qe7
15. Qa4 h6 16. Bxf6 Bxf6 17. Bf1 a6 18. Qc2 Bg5 19. Rb1 Rad8 20. a3 Rxd1 21.
Rxd1 Rd8 22. Be2 Rxd1+ 23. Qxd1 Qd7 24. Qxd7 Bxd7 25. b4 Bc1 26. a4 Bd2 27. Na2
b5 28. axb5 axb5 29. Bd3 Be6 30. Kf1 bxc4 31. Bb1 c3 32. Ke2 Bc4+ 33. Kd1 Bb3+
34. Ke2 Kg7 35. Kd3 Be1 36. Nxc3 Bxf2 37. b5 cxb5 38. Nxb5 Bg1 39. h3 Bf2 40.
g4 Bd1 41. Kd2 Bf3 42. Kd3 Bg2 43. Ke2 Bg3 44. Nc7 Bxh3 45. Kf3 Bh4 0-1

[Event "VIII Memorial Gianfranco Molinari A"]
[Site "Milano ITA"]
[Date "2014.11.01"]
[Round "5"]
[White "Podetti, Davide"]
[Black "Bonazzi, Edoardo"]
[WhiteElo "1911"]
[BlackElo "2102"]
[Result "0-1"]
[PlyCount "56"]
[EventDate "2014.10.29"]

1. e4 c5 2. Nc3 Nc6 3. f4 e6 4. Nf3 a6 5. g3 Qc7 6. d3 g6 7. Bg2 Bg7 8. O-O
Nge7 9. Be3 Nd4 10. Rb1 O-O 11. Ne2 Nxf3+ 12. Bxf3 d6 13. c3 b6 14. g4 Bb7 15.
f5 d5 16. Bg2 gxf5 17. gxf5 exf5 18. exf5 Be5 19. Bh6 Rfe8 20. Ng3 Kh8 21. f6
Bxg3 22. hxg3 Ng6 23. Bg7+ Kg8 24. Qg4 Re3 25. Rf3 Ne5 26. Qg5 Nxf3+ 27. Bxf3
Qe5 28. Qg4 Bc8 0-1

[Event "VIII Memorial Gianfranco Molinari A"]
[Site "Milano ITA"]
[Date "2014.11.02"]
[Round "6"]
[White "Bonazzi, Edoardo"]
[Black "Cazzaniga, Walter"]
[WhiteElo "2102"]
[BlackElo "2126"]
[Result "1/2-1/2"]
[PlyCount "81"]
[EventDate "2014.10.29"]

1. c4 Nf6 2. g3 g6 3. Bg2 Bg7 4. Nf3 O-O 5. Nc3 c5 6. d4 cxd4 7. Nxd4 Nc6 8.
O-O Ng4 9. e3 d6 10. b3 Nxd4 11. exd4 Rb8 12. Bb2 Nh6 13. d5 Nf5 14. Qd2 Bd7
15. Ne4 Bxb2 16. Qxb2 b5 17. c5 dxc5 18. Nxc5 b4 19. Rac1 Bb5 20. Rfe1 Rc8 21.
Qd2 a5 22. Bh3 Qb6 23. Ne4 Rxc1 24. Rxc1 Nd4 25. Qh6 f6 26. Rd1 Nf5 27. Qf4 Bd7
28. Bf1 Kg7 29. h4 Rc8 30. Qd2 Nd6 31. Nxd6 Qxd6 32. Bc4 Rc7 33. Qe2 h5 34. Re1
Bg4 35. Qe3 Bf5 36. Kg2 a4 37. Rc1 a3 38. Re1 Bc8 39. Kg1 Bf5 40. Rc1 Bc8 41.
Re1 1/2-1/2

[Event "VIII Memorial Gianfranco Molinari A"]
[Site "Milano ITA"]
[Date "2014.11.02"]
[Round "6"]
[White "Cerioni, Armando"]
[Black "Cordi', Domenico"]
[WhiteElo "1975"]
[BlackElo "2002"]
[Result "0-1"]
[PlyCount "84"]
[EventDate "2014.10.29"]

1. b3 c5 2. Bb2 d5 3. e3 Bf5 4. Nf3 a6 5. Be2 e6 6. O-O h6 7. c4 Nf6 8. d4 dxc4
9. bxc4 Qb6 10. Qa4+ Nbd7 11. Ba3 Bd6 12. dxc5 Bxc5 13. Bxc5 Qxc5 14. Nd4 Bg6
15. Nb3 Qe5 16. Qb4 a5 17. Qa3 a4 18. N1d2 Ra6 19. Nd4 Qc5 20. Qc3 O-O 21. Rac1
Rc8 22. Qa1 Ne5 23. Rfd1 Rd6 24. N2f3 Rcd8 25. Nxe5 Qxe5 26. Nb5 Rxd1+ 27. Rxd1
Qxa1 28. Rxa1 Rd2 29. Kf1 Ne4 30. a3 Rb2 31. Rd1 Kh7 32. f3 Nc5 33. e4 f6 34.
Rc1 e5 35. Rc3 Be8 36. Nc7 Bc6 37. Nd5 Rb3 38. Rxb3 axb3 39. Bd1 b5 40. cxb5
Bxb5+ 41. Ke1 Bd3 42. Nc3 b2 0-1

[Event "VIII Memorial Gianfranco Molinari A"]
[Site "Milano ITA"]
[Date "2014.11.02"]
[Round "6"]
[White "Pelizzola, Danilo"]
[Black "Maccari, Piergiuseppe"]
[WhiteElo "2081"]
[BlackElo "1719"]
[Result "1-0"]
[PlyCount "72"]
[EventDate "2014.10.29"]

1. e4 c5 2. Nf3 d6 3. Bb5+ Bd7 4. Bxd7+ Nxd7 5. O-O Ngf6 6. Nc3 g6 7. Qe2 Bg7
8. d3 O-O 9. Bd2 Rc8 10. Rab1 h6 11. Nd5 Re8 12. Rfe1 Nxd5 13. exd5 Qb6 14. c4
Qa6 15. a4 e6 16. dxe6 Rxe6 17. Qd1 Rce8 18. Rxe6 Rxe6 19. Qc2 Qc6 20. b3 d5
21. Re1 Rxe1+ 22. Bxe1 Qe6 23. Kf1 Kf8 24. Qe2 Ke7 25. Bd2 Qxe2+ 26. Kxe2 Ke6
27. h3 a6 28. Ne1 Nb8 29. Nc2 Nc6 30. Be3 Kd6 31. Bf4+ Ke6 32. Bc7 Be5 33. Bb6
Kd6 34. Ke3 Nd4 35. Bxc5+ Kxc5 36. b4+ Kd6 1-0

[Event "VIII Memorial Gianfranco Molinari B"]
[Site "Milano ITA"]
[Date "2014.10.29"]
[Round "1"]
[White "Areni, Matteo"]
[Black "Poletto, Daniele"]
[WhiteElo "1557"]
[BlackElo "1731"]
[Result "0-1"]
[PlyCount "90"]
[EventDate "2014.10.29"]

1. e4 c5 2. Nf3 e6 3. d4 cxd4 4. Nxd4 a6 5. Nc3 Qc7 6. Be2 b5 7. a3 Bb7 8. O-O
Nc6 9. Nb3 Nf6 10. Be3 Ne5 11. Bf4 Nf3+ 12. Bxf3 Qxf4 13. Na5 Bc6 14. Nxc6 dxc6
15. Re1 Be7 16. Qd4 Qc7 17. Rad1 Rd8 18. Qe3 O-O 19. h3 Rxd1 20. Rxd1 Rd8 21.
Rxd8+ Bxd8 22. Kf1 h6 23. Ne2 Qd7 24. Qd4 Bb6 25. Qxd7 Nxd7 26. Nc1 Ne5 27. Be2
c5 28. f4 Nc6 29. c3 c4 30. Ke1 Be3 31. Na2 Bxf4 32. Kf2 Kf8 33. g3 Bd6 34. g4
Ke7 35. Ke3 Kf6 36. Bf3 Ne5 37. Be2 Kg5 38. Nb4 Bxb4 39. axb4 Kh4 40. Kd4 Nd3
41. b3 Nc1 42. Bxc4 bxc4 43. bxc4 Ne2+ 44. Kd3 Nf4+ 45. Kd4 f6 0-1